[Event "Aarhus"]
[Site "Aarhus"]
[Date "1993.??.??"]
[Round "8"]
[White "Berg, Klaus"]
[Black "Pedersen, Erik"]
[Result "1/2-1/2"]
[WhiteElo "2395"]
[BlackElo "2410"]
[PlyCount "50"]
[EventDate "1993.01.??"]
[EventType "tourn"]
[EventRounds "9"]
[EventCountry "DEN"]
[EventCategory "9"]
[SourceTitle "EXT 1997"]
[Source "ChessBase"]
[SourceDate "1996.11.15"]

1. e4 d6 2. Nc3 Nf6 3. f4 Bg4 4. Be2 Bxe2 5. Qxe2 Nc6 6. Nf3 e6 7. d4 Qd7 8.
O-O Be7 9. d5 exd5 10. exd5 Nb4 11. Rd1 O-O 12. a3 Na6 13. b4 Rae8 14. Nd4 Nb8
15. f5 c5 16. dxc6 Nxc6 17. Nxc6 Qxc6 18. Qf3 Qxf3 19. gxf3 Rc8 20. Rd3 Rc4 21.
Bd2 Nd7 22. Nd5 Bf6 23. Nxf6+ Nxf6 24. c3 d5 25. Re1 Rfc8 1/2-1/2

[Event "Aarhus"]
[Site "Aarhus"]
[Date "1993.??.??"]
[Round "5"]
[White "Berg, Klaus"]
[Black "Sher, Miron N"]
[Result "1/2-1/2"]
[WhiteElo "2395"]
[BlackElo "2500"]
[PlyCount "63"]
[EventDate "1993.01.??"]
[EventType "tourn"]
[EventRounds "9"]
[EventCountry "DEN"]
[EventCategory "9"]
[SourceTitle "EXT 1997"]
[Source "ChessBase"]
[SourceDate "1996.11.15"]

1. d4 e6 2. Nf3 c5 3. e3 Nf6 4. c4 a6 5. Nc3 d5 6. cxd5 exd5 7. Be2 Nc6 8. O-O
Bd6 9. dxc5 Bxc5 10. a3 Ba7 11. b4 d4 12. Nxd4 Nxd4 13. exd4 Bxd4 14. Bb2 O-O
15. Bf3 Rb8 16. Qd2 Be5 17. Qxd8 Rxd8 18. Rfd1 Rxd1+ 19. Nxd1 Bxb2 20. Nxb2 h5
21. h3 g5 22. Rc1 g4 23. hxg4 hxg4 24. Be2 Be6 25. Na4 Re8 26. Nc5 Bd5 27. Bc4
Bc6 28. Rd1 Kg7 29. Kh2 Rh8+ 30. Kg1 Re8 31. Kh2 Rh8+ 32. Kg1 1/2-1/2

[Event "Aarhus"]
[Site "Aarhus"]
[Date "1993.??.??"]
[Round "1"]
[White "Berg, Klaus"]
[Black "Mortensen, Erling"]
[Result "1/2-1/2"]
[WhiteElo "2395"]
[BlackElo "2445"]
[PlyCount "104"]
[EventDate "1993.01.??"]
[EventType "tourn"]
[EventRounds "9"]
[EventCountry "DEN"]
[EventCategory "9"]
[SourceTitle "EXT 1997"]
[Source "ChessBase"]
[SourceDate "1996.11.15"]

1. d4 Nf6 2. Nf3 g6 3. Bg5 Ne4 4. Bh4 Bg7 5. Nbd2 d5 6. e3 c5 7. c3 f5 8. Be2
Nc6 9. O-O Qb6 10. Qc2 Be6 11. Nxe4 fxe4 12. Ng5 Bf5 13. g4 Bd7 14. f3 cxd4 15.
exd4 Bxd4+ 16. Kh1 Bf6 17. fxe4 d4 18. Nf3 Bxh4 19. Nxh4 O-O-O 20. cxd4 Qxd4
21. Nf3 Qe3 22. Ne5 Kb8 23. Rf3 Nd4 24. Qc5 Qxe2 25. Nxd7+ Ka8 26. Nb6+ axb6
27. Ra3+ Kb8 28. Qe5+ Kc8 29. Ra8+ Kd7 30. Qxd4+ Ke6 31. Rxd8 Rxd8 32. Qxd8
Qxe4+ 33. Kg1 Qe3+ 34. Kf1 Qf3+ 35. Ke1 Qh1+ 36. Kd2 Qxa1 37. Qxb6+ Kf7 38.
Qb3+ Kf6 39. Qf3+ Ke5 40. Qxb7 Qxa2 41. Qxe7+ Kf4 42. Qb4+ Kg5 43. h3 Qd5+ 44.
Kc2 Kh4 45. Qe7+ Kg3 46. Qe3+ Kh4 47. Qe7+ Kg3 48. Qa3+ Kh4 49. Qe3 h5 50. gxh5
gxh5 51. b3 Qf5+ 52. Kc3 Qxh3 1/2-1/2

[Event "Aarhus"]
[Site "Aarhus"]
[Date "1993.??.??"]
[Round "8"]
[White "Fries Nielsen, Jens Ove"]
[Black "Petursson, Margeir"]
[Result "0-1"]
[WhiteElo "2400"]
[BlackElo "2560"]
[PlyCount "108"]
[EventDate "1993.01.??"]
[EventType "tourn"]
[EventRounds "9"]
[EventCountry "DEN"]
[EventCategory "9"]
[SourceTitle "EXT 1997"]
[Source "ChessBase"]
[SourceDate "1996.11.15"]

1. d4 Nf6 2. Nf3 e6 3. e3 c5 4. Bd3 b6 5. O-O Bb7 6. b3 Nc6 7. Bb2 Be7 8. a3
O-O 9. Nbd2 cxd4 10. exd4 Re8 11. Re1 Bf8 12. Ne4 Nxe4 13. Bxe4 d5 14. Bd3 g6
15. Ne5 Nxe5 16. dxe5 a5 17. Bb5 Re7 18. Bd4 Ba6 19. Bxa6 Rxa6 20. Qd3 Ra8 21.
c3 Rb7 22. b4 b5 23. Rab1 Rbb8 24. f4 Qc7 25. Rf1 Qc4 26. Qxc4 dxc4 27. Rb2 h5
28. Kf2 Be7 29. Kf3 Kf8 30. Ke4 Ke8 31. Rd1 axb4 32. axb4 Ra3 33. Rc2 Rba8 34.
g3 Ra2 35. Rxa2 Rxa2 36. h4 Bd8 37. Ke3 Bc7 38. Kf3 Kd7 39. Be3+ Kc6 40. Ke4
Re2 41. Kf3 Rc2 42. Rc1 Ra2 43. Rd1 Ra3 44. Bd2 Bd8 45. Be1 Be7 46. Ke4 f6 47.
exf6 Bxf6 48. Rc1 Ra2 49. Kf3 e5 50. fxe5 Bxe5 51. Bf2 Rd2 52. Be1 Rd3+ 53. Kg2
Kd5 54. Rc2 Ke4 0-1

[Event "Aarhus"]
[Site "Aarhus"]
[Date "1993.??.??"]
[Round "3"]
[White "Fries Nielsen, Jens Ove"]
[Black "Kjeldsen, Jens"]
[Result "0-1"]
[WhiteElo "2400"]
[BlackElo "2380"]
[PlyCount "52"]
[EventDate "1993.01.??"]
[EventType "tourn"]
[EventRounds "9"]
[EventCountry "DEN"]
[EventCategory "9"]
[SourceTitle "EXT 1997"]
[Source "ChessBase"]
[SourceDate "1996.11.15"]

1. Nf3 Nf6 2. d4 g6 3. Nc3 d5 4. Bf4 Bg7 5. e3 c6 6. Bd3 Bg4 7. Qd2 Bxf3 8.
gxf3 O-O 9. h4 Nh5 10. Bxb8 Rxb8 11. f4 c5 12. Be2 cxd4 13. exd4 Nf6 14. h5 e6
15. O-O-O b5 16. hxg6 hxg6 17. Bd3 Qb6 18. Qe3 Rfc8 19. Ne2 b4 20. Kb1 a5 21.
f3 a4 22. Rc1 Rc7 23. Qd2 Ne8 24. f5 exf5 25. Rh4 Qf6 26. Rch1 Nd6 0-1

[Event "Aarhus"]
[Site "Aarhus"]
[Date "1993.??.??"]
[Round "6"]
[White "Hector, Jonny"]
[Black "Sax, Gyula"]
[Result "1/2-1/2"]
[WhiteElo "2470"]
[BlackElo "2570"]
[PlyCount "100"]
[EventDate "1993.01.??"]
[EventType "tourn"]
[EventRounds "9"]
[EventCountry "DEN"]
[EventCategory "9"]
[SourceTitle "EXT 1997"]
[Source "ChessBase"]
[SourceDate "1996.11.15"]

1. e4 c5 2. Nf3 d6 3. d4 cxd4 4. Nxd4 Nf6 5. Nc3 Nc6 6. Be3 e6 7. Qd2 Be7 8. f3
O-O 9. g4 d5 10. g5 Nxd4 11. Qxd4 Nd7 12. exd5 Bxg5 13. O-O-O exd5 14. Bxg5
Qxg5+ 15. f4 Qh6 16. Nxd5 Nb6 17. Ne3 Be6 18. Rd2 g6 19. Bg2 Rad8 20. Qxd8 Rxd8
21. Rxd8+ Kg7 22. Rd4 Qh4 23. Bxb7 Bxa2 24. Bg2 Qf2 25. Re4 Nc4 26. Nxc4 Qxg2
27. Rhe1 Bxc4 28. Rxc4 Qxh2 29. Rce4 h5 30. Rf1 h4 31. Ree1 f6 32. Kb1 Qh3 33.
Rc1 Qf5 34. Ka1 Qa5+ 35. Kb1 g5 36. fxg5 fxg5 37. c4 Qc5 38. Rfd1 h3 39. Rd5
Qe7 40. Rg1 h2 41. Rgxg5+ Kf7 42. Rdf5+ Ke8 43. Rh5 Qe4+ 44. Ka1 h1=Q+ 45. Rxh1
Qxh1+ 46. Ka2 Qe4 47. Ra5 Qxc4+ 48. Ka1 Qf1+ 49. Ka2 Qf7+ 50. Ka1 Kd8 1/2-1/2

[Event "Aarhus"]
[Site "Aarhus"]
[Date "1993.??.??"]
[Round "2"]
[White "Kjeldsen, Jens"]
[Black "Sher, Miron N"]
[Result "0-1"]
[WhiteElo "2380"]
[BlackElo "2500"]
[PlyCount "66"]
[EventDate "1993.01.??"]
[EventType "tourn"]
[EventRounds "9"]
[EventCountry "DEN"]
[EventCategory "9"]
[SourceTitle "EXT 1997"]
[Source "ChessBase"]
[SourceDate "1996.11.15"]

1. d4 e6 2. Nf3 c5 3. e3 Nf6 4. c4 d5 5. Nc3 a6 6. dxc5 Bxc5 7. cxd5 exd5 8.
Be2 Nc6 9. O-O O-O 10. a3 Ba7 11. Qd3 Be6 12. Rd1 Qe7 13. b4 b5 14. Bf1 Rfd8
15. Ne2 Bg4 16. Bb2 Bxf3 17. gxf3 d4 18. Nxd4 Nxd4 19. Bxd4 Bxd4 20. exd4 Nd5
21. Qe4 Qg5+ 22. Qg4 Qf6 23. Rac1 Nf4 24. Rc5 g6 25. d5 h5 26. Qg3 Rd6 27. a4
bxa4 28. Ra5 Rad8 29. Rxa4 Nxd5 30. h4 Nc3 31. Rxd6 Rxd6 32. Ra5 Rd1 33. Qe5
Qxf3 0-1

[Event "Aarhus"]
[Site "Aarhus"]
[Date "1993.??.??"]
[Round "6"]
[White "Kjeldsen, Jens"]
[Black "Petursson, Margeir"]
[Result "0-1"]
[WhiteElo "2380"]
[BlackElo "2560"]
[PlyCount "56"]
[EventDate "1993.01.??"]
[EventType "tourn"]
[EventRounds "9"]
[EventCountry "DEN"]
[EventCategory "9"]
[SourceTitle "EXT 1997"]
[Source "ChessBase"]
[SourceDate "1996.11.15"]

1. d4 Nf6 2. Nf3 e6 3. e3 c5 4. c4 d5 5. Nc3 a6 6. cxd5 exd5 7. Be2 Nc6 8. O-O
Bd6 9. dxc5 Bxc5 10. a3 O-O 11. b4 Ba7 12. Bb2 Bg4 13. b5 Na5 14. bxa6 bxa6 15.
Na4 Ne4 16. Bd4 Bxf3 17. gxf3 Bxd4 18. Qxd4 Nb3 19. Qb2 Ned2 20. Rad1 Qa5 21.
Nc3 Rfc8 22. Na2 d4 23. Kh1 Nxf1 24. Bxf1 Qd5 25. Bg2 Rab8 26. exd4 a5 27. Nc3
Qc4 28. Ne4 Rd8 0-1

[Event "Aarhus"]
[Site "Aarhus"]
[Date "1993.??.??"]
[Round "5"]
[White "Mortensen, Erling"]
[Black "Sax, Gyula"]
[Result "1/2-1/2"]
[WhiteElo "2445"]
[BlackElo "2570"]
[PlyCount "100"]
[EventDate "1993.01.??"]
[EventType "tourn"]
[EventRounds "9"]
[EventCountry "DEN"]
[EventCategory "9"]
[SourceTitle "EXT 1997"]
[Source "ChessBase"]
[SourceDate "1996.11.15"]

1. e4 c5 2. Nf3 d6 3. d4 cxd4 4. Nxd4 Nf6 5. Nc3 Nc6 6. Bc4 e6 7. Be3 Bd7 8.
Qe2 Rc8 9. O-O a6 10. Bb3 Na5 11. f4 Nxb3 12. cxb3 Qa5 13. Rac1 Be7 14. a3 O-O
15. b4 Qh5 16. Qxh5 Nxh5 17. e5 dxe5 18. fxe5 f6 19. Nb3 fxe5 20. Rxf8+ Bxf8
21. Na5 b5 22. Rd1 Be8 23. Ne4 Nf6 24. Ng5 Bd7 25. h3 Nd5 26. Nb7 Rc2 27. Bc5
Bc6 28. Nd8 Ba8 29. Ndxe6 Bxc5+ 30. Nxc5 Rxg2+ 31. Kxg2 Ne3+ 32. Kg3 Nxd1 33.
b3 Bd5 34. Nf3 e4 35. Nd4 e3 36. Nxa6 Bxb3 37. Kf3 Bc4 38. Nc5 Kf7 39. a4 bxa4
40. Nxa4 Kf6 41. Nb6 Bf7 42. Nd7+ Ke7 43. Ne5 Bh5+ 44. Ng4 Kd6 45. Nf5+ Kd5 46.
Ke2 g6 47. Ne7+ Kd6 48. Kxd1 Kxe7 49. Ke2 Bxg4+ 50. hxg4 h5 1/2-1/2

[Event "Aarhus"]
[Site "Aarhus"]
[Date "1993.??.??"]
[Round "9"]
[White "Mortensen, Erling"]
[Black "Fries Nielsen, Jens Ove"]
[Result "1-0"]
[WhiteElo "2445"]
[BlackElo "2400"]
[PlyCount "103"]
[EventDate "1993.01.??"]
[EventType "tourn"]
[EventRounds "9"]
[EventCountry "DEN"]
[EventCategory "9"]
[SourceTitle "EXT 1997"]
[Source "ChessBase"]
[SourceDate "1996.11.15"]

1. e4 e6 2. d4 d5 3. Nc3 dxe4 4. Nxe4 Nd7 5. Nf3 Ngf6 6. Bd3 Be7 7. c4 O-O 8.
Qc2 Nxe4 9. Bxe4 Nf6 10. Bd3 b6 11. Bg5 h6 12. Bxf6 Bxf6 13. Bh7+ Kh8 14. Be4
Rb8 15. O-O-O Qd6 16. h4 c5 17. dxc5 Qf4+ 18. Kb1 bxc5 19. b3 g6 20. g3 Qc7 21.
Qd2 Bg7 22. Qd6 Qb6 23. Rhe1 Qb4 24. Re3 Rb6 25. Qc7 Qa5 26. Qe7 Kg8 27. h5 Qa3
28. Rd2 gxh5 29. Red3 Rb8 30. Rd8 Bb7 31. Rxf8+ Bxf8 32. Qh4 Bxe4+ 33. Qxe4 Bg7
34. Ne5 Qa5 35. Rd3 Qc7 36. f4 Bxe5 37. Qxe5 Qxe5 38. fxe5 Kg7 39. Rd7 Kg6 40.
Rxa7 Rd8 41. Kc2 Rd4 42. a4 Rg4 43. a5 Rxg3 44. Rd7 Rg2+ 45. Rd2 Rg1 46. Kb2
Kf5 47. b4 cxb4 48. c5 h4 49. c6 Rg8 50. a6 h3 51. c7 Rc8 52. a7 1-0

[Event "Aarhus"]
[Site "Aarhus"]
[Date "1993.??.??"]
[Round "7"]
[White "Mortensen, Erling"]
[Black "Kjeldsen, Jens"]
[Result "1-0"]
[WhiteElo "2445"]
[BlackElo "2380"]
[PlyCount "59"]
[EventDate "1993.01.??"]
[EventType "tourn"]
[EventRounds "9"]
[EventCountry "DEN"]
[EventCategory "9"]
[SourceTitle "EXT 1997"]
[Source "ChessBase"]
[SourceDate "1996.11.15"]

1. e4 c5 2. Nf3 Nc6 3. d4 cxd4 4. Nxd4 Nf6 5. Nc3 e5 6. Ndb5 d6 7. Bg5 a6 8.
Na3 b5 9. Nd5 Be7 10. Bxf6 Bxf6 11. c3 Rb8 12. Be2 O-O 13. Nc2 Bg5 14. O-O g6
15. Ncb4 Na7 16. a4 a5 17. axb5 axb4 18. Rxa7 bxc3 19. bxc3 f5 20. exf5 Bxf5
21. Bc4 Kh8 22. Qe2 Bh6 23. Rfa1 Bc8 24. Rc7 Rb7 25. b6 Qg5 26. Ra8 Rxc7 27.
bxc7 Qc1+ 28. Qf1 Qb2 29. Ba6 Bxa6 30. Rxf8+ 1-0

[Event "Aarhus"]
[Site "Aarhus"]
[Date "1993.??.??"]
[Round "7"]
[White "Pedersen, Erik"]
[Black "Fries Nielsen, Jens Ove"]
[Result "1-0"]
[WhiteElo "2410"]
[BlackElo "2400"]
[PlyCount "75"]
[EventDate "1993.01.??"]
[EventType "tourn"]
[EventRounds "9"]
[EventCountry "DEN"]
[EventCategory "9"]
[SourceTitle "EXT 1997"]
[Source "ChessBase"]
[SourceDate "1996.11.15"]

1. Nf3 Nf6 2. d4 d5 3. c4 dxc4 4. Qa4+ Nbd7 5. g3 e6 6. Bg2 a6 7. Qxc4 b5 8.
Qc6 Rb8 9. Bf4 Nd5 10. Bg5 Be7 11. Bxe7 Qxe7 12. Nc3 Nb4 13. Qxc7 Nc2+ 14. Kd1
Bb7 15. Kxc2 b4 16. Kd2 bxc3+ 17. bxc3 O-O 18. Rhc1 Rfc8 19. Qa5 Nb6 20. Ke1
Nc4 21. Qh5 h6 22. Kf1 Be4 23. Kg1 Rb2 24. Ne5 Bxg2 25. Nxc4 Rxc4 26. Kxg2 Qc7
27. Qf3 Ra4 28. Rab1 Qb8 29. Rxb2 Qxb2 30. Qa8+ Kh7 31. Qe4+ g6 32. Rb1 Qxa2
33. Rb7 Kg8 34. Rb8+ Kh7 35. Rb7 Kg8 36. Rb8+ Kh7 37. Qf4 Qd5+ 38. e4 1-0

[Event "Aarhus"]
[Site "Aarhus"]
[Date "1993.??.??"]
[Round "1"]
[White "Pedersen, Erik"]
[Black "Petursson, Margeir"]
[Result "1/2-1/2"]
[WhiteElo "2410"]
[BlackElo "2560"]
[PlyCount "23"]
[EventDate "1993.01.??"]
[EventType "tourn"]
[EventRounds "9"]
[EventCountry "DEN"]
[EventCategory "9"]
[SourceTitle "EXT 1997"]
[Source "ChessBase"]
[SourceDate "1996.11.15"]

1. d4 Nf6 2. Nf3 e6 3. g3 c5 4. Bg2 Qa5+ 5. Nbd2 cxd4 6. O-O Nc6 7. Nb3 Qb6 8.
Nbxd4 d5 9. c4 Bc5 10. Nb3 Be7 11. Be3 Qd8 12. Rc1 1/2-1/2

[Event "Aarhus"]
[Site "Aarhus"]
[Date "1993.??.??"]
[Round "3"]
[White "Pedersen, Erik"]
[Black "Sax, Gyula"]
[Result "0-1"]
[WhiteElo "2410"]
[BlackElo "2570"]
[PlyCount "80"]
[EventDate "1993.01.??"]
[EventType "tourn"]
[EventRounds "9"]
[EventCountry "DEN"]
[EventCategory "9"]
[SourceTitle "EXT 1997"]
[Source "ChessBase"]
[SourceDate "1996.11.15"]

1. d4 Nf6 2. Nf3 c5 3. c3 e6 4. Bf4 Nc6 5. e3 d5 6. Nbd2 Be7 7. h3 a6 8. Bd3 b5
9. O-O Bb7 10. dxc5 Nd7 11. Bc2 Nxc5 12. Qe2 O-O 13. Rfd1 Na4 14. Rab1 Rc8 15.
e4 Nb6 16. Nb3 Re8 17. Be3 Nc4 18. exd5 exd5 19. Qd3 g6 20. Bf4 Bf8 21. Nbd4
Re4 22. Bg3 Bc5 23. Nb3 Bb6 24. Qf1 Re8 25. Nbd4 Qf6 26. Nxc6 Bxc6 27. Nd4 Bd7
28. Rd3 h5 29. Rf3 Qg7 30. Nb3 a5 31. Qd1 a4 32. Nd4 a3 33. b3 Nb2 34. Qd2 b4
35. Ne2 bxc3 36. Nxc3 Ba5 37. Qxd5 Bc6 38. Qxa5 Bxf3 39. gxf3 Qxc3 40. Qxc3
Rxc3 0-1

[Event "Aarhus"]
[Site "Aarhus"]
[Date "1993.??.??"]
[Round "5"]
[White "Pedersen, Erik"]
[Black "Kjeldsen, Jens"]
[Result "0-1"]
[WhiteElo "2410"]
[BlackElo "2380"]
[PlyCount "70"]
[EventDate "1993.01.??"]
[EventType "tourn"]
[EventRounds "9"]
[EventCountry "DEN"]
[EventCategory "9"]
[SourceTitle "EXT 1997"]
[Source "ChessBase"]
[SourceDate "1996.11.15"]

1. Nf3 Nf6 2. g3 g6 3. Bg2 Bg7 4. O-O O-O 5. c4 d6 6. Nc3 e5 7. Rb1 Re8 8. d3
c6 9. Nd2 Be6 10. b4 d5 11. b5 Nbd7 12. Ba3 Nb6 13. bxc6 bxc6 14. cxd5 cxd5 15.
Nb3 h5 16. Nc5 Bc8 17. Bc1 h4 18. Bg5 Qd6 19. Bxf6 Bxf6 20. N5e4 dxe4 21. Nxe4
Qe7 22. Rxb6 Bh8 23. Rb1 Be6 24. Qd2 Rad8 25. Rb7 Qa3 26. Ng5 h3 27. Bxh3 Bd5
28. Qb4 Qxa2 29. Qh4 Bg7 30. Rd7 Qxe2 31. Rxd8 Rxd8 32. Ne4 Rb8 33. Nc3 Qxd3
34. Nxd5 Qxd5 35. Rd1 Qxd1+ 0-1

[Event "Aarhus"]
[Site "Aarhus"]
[Date "1993.??.??"]
[Round "7"]
[White "Petursson, Margeir"]
[Black "Sher, Miron N"]
[Result "1/2-1/2"]
[WhiteElo "2560"]
[BlackElo "2500"]
[PlyCount "85"]
[EventDate "1993.01.??"]
[EventType "tourn"]
[EventRounds "9"]
[EventCountry "DEN"]
[EventCategory "9"]
[SourceTitle "EXT 1997"]
[Source "ChessBase"]
[SourceDate "1996.11.15"]

1. d4 e6 2. c4 Bb4+ 3. Bd2 a5 4. Nf3 d6 5. g3 Nc6 6. Bg2 e5 7. d5 Bxd2+ 8. Qxd2
Nb8 9. Nc3 Na6 10. O-O Nh6 11. Qg5 Qxg5 12. Nxg5 f6 13. Nge4 Ke7 14. b3 Bd7 15.
Rfc1 Nf7 16. Nd2 Rab8 17. Rab1 Rhc8 18. e4 c5 19. Bf1 Nc7 20. Kg2 Ra8 21. Be2
Rcb8 22. h4 g6 23. h5 g5 24. Nf1 Nh6 25. Ne3 f5 26. exf5 Nxf5 27. Bd3 Nxe3+ 28.
fxe3 h6 29. Rf1 Rf8 30. Bg6 Rxf1 31. Rxf1 Rf8 32. Rxf8 Kxf8 33. Ne4 Ke7 34. a4
g4 35. Nf2 Ne8 36. Bc2 Nf6 37. Bg6 Kf8 38. Kh2 Ng8 39. Ne4 Ke7 40. Nf2 Nf6 41.
Kg2 Ne8 42. Bc2 b6 43. Nd3 1/2-1/2

[Event "Aarhus"]
[Site "Aarhus"]
[Date "1993.??.??"]
[Round "3"]
[White "Petursson, Margeir"]
[Black "Mortensen, Erling"]
[Result "1-0"]
[WhiteElo "2560"]
[BlackElo "2445"]
[PlyCount "55"]
[EventDate "1993.01.??"]
[EventType "tourn"]
[EventRounds "9"]
[EventCountry "DEN"]
[EventCategory "9"]
[SourceTitle "EXT 1997"]
[Source "ChessBase"]
[SourceDate "1996.11.15"]

1. d4 Nf6 2. c4 g6 3. Nc3 Bg7 4. e4 d6 5. Be2 O-O 6. Bg5 c5 7. dxc5 Qa5 8. Bd2
Qxc5 9. Nf3 Bg4 10. O-O Bxf3 11. Bxf3 Nc6 12. Be2 Nd7 13. Kh1 f5 14. exf5 gxf5
15. Nd5 Bxb2 16. Rb1 Qa3 17. Nc7 Bf6 18. Nxa8 Rxa8 19. Be3 Qxa2 20. Rxb7 Nc5
21. Rc7 Nb4 22. Bf3 Ne4 23. Bxe4 fxe4 24. Qg4+ Kh8 25. Qxe4 d5 26. cxd5 Qe2 27.
Kg1 Nd3 28. Rxe7 1-0

[Event "Aarhus"]
[Site "Aarhus"]
[Date "1993.??.??"]
[Round "2"]
[White "Sax, Gyula"]
[Black "Berg, Klaus"]
[Result "1-0"]
[WhiteElo "2570"]
[BlackElo "2395"]
[PlyCount "59"]
[EventDate "1993.01.??"]
[EventType "tourn"]
[EventRounds "9"]
[EventCountry "DEN"]
[EventCategory "9"]
[SourceTitle "EXT 1997"]
[Source "ChessBase"]
[SourceDate "1996.11.15"]

1. e4 c6 2. d4 d5 3. e5 Bf5 4. Nc3 e6 5. g4 Bg6 6. Nge2 c5 7. h4 h5 8. Nf4 Bh7
9. Nxh5 cxd4 10. Nb5 Nc6 11. Nxd4 Qc7 12. Nxc6 Qxc6 13. Bd3 Bxd3 14. cxd3 d4
15. O-O g6 16. Ng3 Bg7 17. Re1 Qd5 18. Qe2 Rxh4 19. Bg5 Rh3 20. Rac1 Bh6 21.
Bxh6 Nxh6 22. Qe4 Qd8 23. Kg2 Rh4 24. Rh1 Rxh1 25. Rxh1 Ng8 26. Qxb7 Rb8 27.
Qxa7 Qd5+ 28. Ne4 Qxe5 29. Rh7 Ne7 30. Nd6+ 1-0

[Event "Aarhus"]
[Site "Aarhus"]
[Date "1993.??.??"]
[Round "4"]
[White "Sher, Miron N"]
[Black "Fries Nielsen, Jens Ove"]
[Result "1/2-1/2"]
[WhiteElo "2500"]
[BlackElo "2400"]
[PlyCount "68"]
[EventDate "1993.01.??"]
[EventType "tourn"]
[EventRounds "9"]
[EventCountry "DEN"]
[EventCategory "9"]
[SourceTitle "EXT 1997"]
[Source "ChessBase"]
[SourceDate "1996.11.15"]

1. c4 e5 2. g3 Nc6 3. Bg2 f5 4. Nc3 Nf6 5. d3 Bb4 6. Bd2 O-O 7. Nf3 d6 8. O-O
Kh8 9. a3 Bxc3 10. Bxc3 Qe8 11. b4 f4 12. Qd2 Qg6 13. a4 Qh6 14. b5 Ne7 15.
gxf4 exf4 16. e4 Bg4 17. Nd4 Ng6 18. f3 Bd7 19. Ne2 Nh5 20. Rf2 Rae8 21. Kf1
Ne5 22. Ke1 c6 23. Bd4 a6 24. bxa6 bxa6 25. Kd1 Rb8 26. Nc1 c5 27. Bc3 Qe6 28.
a5 Qe8 29. Qa2 Qe7 30. Bf1 Qg5 31. Rg2 Qe7 32. Rf2 Qg5 33. Rg2 Qe7 34. Rf2 Qg5
1/2-1/2

[Event "Aarhus"]
[Site "Aarhus"]
[Date "1993.??.??"]
[Round "6"]
[White "Sher, Miron N"]
[Black "Pedersen, Erik"]
[Result "1/2-1/2"]
[WhiteElo "2500"]
[BlackElo "2410"]
[PlyCount "117"]
[EventDate "1993.01.??"]
[EventType "tourn"]
[EventRounds "9"]
[EventCountry "DEN"]
[EventCategory "9"]
[SourceTitle "EXT 1997"]
[Source "ChessBase"]
[SourceDate "1996.11.15"]

1. c4 Nf6 2. g3 d6 3. Bg2 e5 4. Nf3 Nbd7 5. O-O Be7 6. Nc3 O-O 7. d4 c6 8. Qc2
Re8 9. Rd1 Bf8 10. Rb1 a6 11. dxe5 dxe5 12. b4 Qc7 13. c5 a5 14. a3 axb4 15.
axb4 b6 16. cxb6 Nxb6 17. Ng5 Bb7 18. Nce4 Nbd5 19. Nxh7 Nxe4 20. Rxd5 Ra2 21.
Qxa2 cxd5 22. Bxe4 dxe4 23. Nxf8 Rxf8 24. Be3 Ra8 25. Qb3 Kh7 26. b5 Qd7 27. b6
Kg6 28. Qb5 Qh3 29. Qxe5 f6 30. Qf4 Rh8 31. g4 Rh4 32. Kh1 Rxg4 33. Qxg4+ Qxg4
34. Rg1 Kf5 35. Rxg4 Kxg4 36. Kg1 Kf5 37. Bc5 Ke5 38. Kg2 g6 39. Kg3 Ba6 40.
Be7 Bc8 41. Bd8 Ba6 42. Bc7+ Kf5 43. Bd8 Ke5 44. Kg2 Ke6 45. Kf1 f5 46. Ke1 Kd7
47. Bf6 Kc6 48. Bd4 Kb7 49. Kd2 Kc6 50. h4 Bb5 51. Ke3 Bc4 52. f3 Ba6 53. Kf4
Bxe2 54. Kg5 Bxf3 55. Kxg6 f4 56. h5 Bxh5+ 57. Kxh5 e3 58. Kg4 e2 59. Bf2
1/2-1/2

[Event "Aarhus"]
[Site "Aarhus"]
[Date "1993.??.??"]
[Round "8"]
[White "Sher, Miron N"]
[Black "Mortensen, Erling"]
[Result "1-0"]
[WhiteElo "2500"]
[BlackElo "2445"]
[PlyCount "119"]
[EventDate "1993.01.??"]
[EventType "tourn"]
[EventRounds "9"]
[EventCountry "DEN"]
[EventCategory "9"]
[SourceTitle "EXT 1997"]
[Source "ChessBase"]
[SourceDate "1996.11.15"]

1. c4 g6 2. g3 Bg7 3. Bg2 Nf6 4. Nc3 O-O 5. e4 d6 6. Nge2 Nc6 7. O-O e5 8. d3
Nh5 9. Be3 Nd4 10. Bxd4 exd4 11. Nb1 c6 12. Nd2 a5 13. Rb1 f5 14. exf5 Bxf5 15.
Ne4 Qd7 16. Qd2 h6 17. Rbe1 g5 18. f4 g4 19. Nc1 b6 20. Nb3 d5 21. cxd5 cxd5
22. Nf2 Rae8 23. Rxe8 Rxe8 24. Re1 Rxe1+ 25. Qxe1 Kf7 26. Qe2 Bf6 27. Qc2 Ng7
28. Nc1 Be6 29. Qd2 h5 30. b4 a4 31. a3 Nf5 32. Nd1 Nd6 33. Qc2 Nf5 34. Kf2 h4
35. Ne2 Kg6 36. Nb2 Ne3 37. Qxa4 Qc8 38. Nd1 h3 39. Bf1 b5 40. Qb3 Qc2 41. Qxc2
Nxc2 42. Nc1 Nxa3 43. Ke2 Nc2 44. Kd2 Nxb4 45. Be2 Nc6 46. Nf2 Be7 47. Nb3 Bb4+
48. Kd1 Bc3 49. Nxg4 Na5 50. Nxa5 Bxa5 51. Nf2 b4 52. Kc2 b3+ 53. Kxb3 Be1 54.
Nh1 Bd7 55. Bf3 Bb5 56. Kc2 Ba4+ 57. Kc1 Kf5 58. Bh5 Bb3 59. Bd1 Ba2 60. Ba4
1-0